Effective Project Management / (Record no. 616266)
[ view plain ]
| 000 -LEADER | |
|---|---|
| fixed length control field | 00560nam a22001817a 4500 |
| 003 - CONTROL NUMBER IDENTIFIER | |
| control field | NUST |
| 005 - DATE AND TIME OF LATEST TRANSACTION | |
| control field | 20260217115354.0 |
| 008 - FIXED-LENGTH DATA ELEMENTS--GENERAL INFORMATION | |
| fixed length control field | 260217b ||||| |||| 00| 0 eng d |
| 020 ## - INTERNATIONAL STANDARD BOOK NUMBER | |
| International Standard Book Number | 978-0471360285 |
| 082 ## - DEWEY DECIMAL CLASSIFICATION NUMBER | |
| Classification number | 658.404 |
| Author Mark | WYS |
| 100 ## - MAIN ENTRY--PERSONAL NAME | |
| Personal name | Robert K. Wysocki , Robert Beck Jr., David B. Crane. |
| 9 (RLIN) | 133295 |
| 245 ## - TITLE STATEMENT | |
| Title | Effective Project Management / |
| Statement of responsibility, etc. | Robert K. Wysocki , Robert Beck Jr., David B. Crane. |
| 250 ## - EDITION STATEMENT | |
| Edition statement | 2nd Edition. |
| 260 ## - PUBLICATION, DISTRIBUTION, ETC. | |
| Place of publication, distribution, etc. | Singapore: |
| Name of publisher, distributor, etc. | John Wiley & Sons, |
| Date of publication, distribution, etc. | 2000. |
| 300 ## - PHYSICAL DESCRIPTION | |
| Extent | ix, 357 p ; |
| 563 ## - BINDING INFORMATION | |
| Binding note | Paperback |
| 942 ## - ADDED ENTRY ELEMENTS (KOHA) | |
| Source of classification or shelving scheme | |
| Koha item type | Book |
| Withdrawn status | Lost status | Source of classification or shelving scheme | Damaged status | Not for loan | Permanent Location | Current Location | Date acquired | Total Checkouts | Full call number | Barcode | Date last seen | Price effective from | Koha item type |
|---|---|---|---|---|---|---|---|---|---|---|---|---|---|
| Institute of Geographical Information Systems (IGIS) | Institute of Geographical Information Systems (IGIS) | 02/17/2026 | 658.404 WYS | IGIS-314 | 02/17/2026 | 02/17/2026 | Book |
